| 000 | 00421 a2200145 4500 | ||
|---|---|---|---|
| 020 | _a0133214311 | ||
| 040 |
_aDLC _bDLC |
||
| 100 | 1 | _aGreenberg, Michael D., | |
| 245 | 1 | 0 |
_aAdvanced engineering mathematics _cMichael D. Greenberg. |
| 250 | _a2nd ed. | ||
| 260 |
_aNew Delhi : _bPearson Education, _c1998. |
||
| 300 |
_axix, 1324 p. : _bill. ; _c26 cm. |
||
| 650 | 0 | _aEngineering mathematics. | |
| 942 |
_cBK _k510.2462 GRE _2ddc |
||
| 999 |
_c10314 _d10314 |
||